000 01614cam a22004335i 4500
999 _c27827
_d27798
001 15938382
003 EG-ScBUE
005 20191221152809.0
006 m||||fq||m z00| 0
008 091009t20112011at a f b 001 0 eng d
020 _a9781428231276 (international student edition)
020 _a1428231277 (international student edition)
020 _a9781428289666 (CD)
020 _a1428289666 (CD)
040 _aDLC
_beng
_erda
_cDLC
_dEG-ScBUE
082 0 4 _a421.5
_bLAD
_222
100 1 _aLadefoged, Peter,
_eauthor.
245 1 2 _aA course in phonetics /
_cPeter Ladefoged, Late, University of California, Los Angeles, Keith Johnson, University of California, Berkeley.
250 _aSix edition.
250 _aInternational edition.
264 1 _aCanberra :
_bWadsworth / Cengage Learning,
_c[2011]
264 4 _cc2011
300 _axiii, 322 pages ;
_billustrations ;
_c24 cm
_e1 CD-ROM ( 4 3/4 in.)
336 _atext
_btxt
_2rdacontent
336 _asounds
_bsnd
_2rdacontent
336 _aspoken word
_bspw
_2rdacontent
337 _aunmediated
_bn
_2rdamedia
337 _acomputer
_bc
_2rdamedia
338 _avolume
_bnc
_2rdacarrier
338 _acomputer disc
_bcd
_2rdacarrier
504 _aIncludes bibliographical references and index.
538 _aSystem requirements for accompanying computer disc: Windows 2000, XP (SP2) ; 256 MB RAM. CD-ROM drive.
650 7 _aPhonetics.
_2BUEsh
_928397
650 7 _aEnglish language
_xPhonetics.
_2BUEsh
_936076
653 _bHHUUEENN
_cNovember2019
655 _vReading book
700 1 _aJohnstone, Keith,
_eauthor.
942 _2ddc
_cBB